LIBRARY & INFORMATION CENTRE, KCAET, TAVANUR

ONLINE PUBLIC ACCESS CATALOGUE (OPAC)

Normal view MARC view
  • Beckett, S.T

Entry Personal Name

Number of records used in: 1

001 - CONTROL NUMBER

  • control field: 5193

003 - CONTROL NUMBER IDENTIFIER

  • control field: OSt

005 - DATE AND TIME OF LATEST TRANSACTION

  • control field: 20220321152840.0

008 - FIXED-LENGTH DATA ELEMENTS

  • fixed length control field: 220321|| aca||aabn | a|a d

040 ## - CATALOGING SOURCE

  • Original cataloging agency: OSt
  • Transcribing agency: OSt

100 ## - HEADING--PERSONAL NAME

  • Personal name: Beckett, S.T

670 ## - SOURCE DATA FOUND

  • Source citation: Work cat.: (OSt)2531: Beckett, S.T ., Industrial chocolate manufacture and use / , 1988.
free website counter